000 01011nac a22002777a 4500
001 BR6004486
003 BR-BrBNA
005 20240105113113.0
008 230509b bl.|||m| |||| 00| 0 por d
040 _aBR-BrBNA
_bpor
_cBiblioteca Nacional de Agricultura
072 _aE30; E50; C00
090 _aE30 BR6004486
110 1 _aAssociacao de Credito e Assistencia Rural do Estado do Rio de Janeiro, Niteroi (Brasil)
_9497
245 1 _aPlano de trabalho 1969 [Associacao de Credito e Assistencia Rural do Estado do Rio de Janeiro; Brasil]
260 3 _aNiteroi, RJ (Brasil):
_c[nd].
300 _a35 p.
490 _aPlano de Trabalho - Associacao de Credito e Assistencia Rural do Estado do Rio de Janeiro (Brazil)
_v
_x
500 _aPublished 1968?
650 _aProjeto de desenvolvimento
650 _aSociologia rural
650 _aExtensao rural
650 _aDesenvolvimento rural
650 _aRio de Janeiro
909 _a202312
_bLúcia Elande
_c55
_dLúcia Elande
942 _2AGRIS
_n0
_cMS
999 _c261902
_d261902